00000000nam##2200000za#4500
0019.619128
003CaOODSP
00520210615103259
007ta
008150406|2008||||xxc|||||     f|0| 0 eng|d
020 |a978-1-100-11244-2
040 |aCaOODSP|beng
043 |an-cn---
0861 |aH113-26/2008-5E
1101 |aCanada. |bPest Management Regulatory Agency.
24510|aCarfentrazone-ethyl
260 |aOttawa - Ontario : |bHealth Canada. |c23 December 2008.
300 |a77p. : |bfigs., tables ; |c28 cm.
4901 |aEvaluation report |vERC2008-05
563 |aProcessed
590 |a09-07|b2009-02-13
77508|tCarfentrazone-éthyle |w(CaOODSP)9.628081
7760#|tCarfentrazone-ethyl |w(CaOODSP)9.565158
830#0|aEvaluation report ;|vERC2008-05|w(CaOODSP)9.515516